Luchas populares y organización obrera en Costa Rica: 1950-1960
Guardado en:
| 主要作者: | |
|---|---|
| 格式: | Texto |
| 出版: |
San José
|
| 標簽: |
添加標簽
沒有標簽, 成為第一個標記此記錄!
|
MARC
| LEADER | 00000 a a2200000 04500 | ||
|---|---|---|---|
| 001 | 20345 | ||
| 003 | |||
| 040 | |||
| 090 | |a 084700 | ||
| 100 | |a Abarca Vázquez, Carlos Alberto | ||
| 245 | |a Luchas populares y organización obrera en Costa Rica: 1950-1960 | ||
| 260 | |a San José | ||
| 300 | |a 51 p. | ||
| 999 | |c 6020 |d 6020 | ||
